Регионална библиотека "Любен Каравелов" - Русе

Правилният начин на хранене според кръвната група на майката и бебето (Запис номер 170241)

MARC детайли
000 -Лидер
Контролно поле с фиксирана дължина 02446nam a2200469 c 4500
003 - Код на организацията, давaща контролен номер
Контролно поле BLK
005 - Дата и час на последна редакция
Контролно поле 20240314005348.0
008 - Елементи от данни с фиксирана дължина
fixed length control field 180411b bul|||||r ||||||| ||bul||
010 ## - Наследен системен номер
LC control number KNG00178367000
020 ## - Международен стандартен номер на книга ISBN
Международен стандартен номер на книга ISBN 978-954-474-467-0
040 ## - Източник на каталожния запис
Идентификатор на билиотеката - собственик на записа BLK
041 ## - Код за език
Код за езика на текст/звукозапис или на отделно заглавие Български
Код за езика КДБФ Български
072 #7 - Код за тематичната категория
Код организация bullib
Код за тематична категория Н61
Текст Медицина Н
080 ## - УДК
Текстов определител УДК Хигиена на храненето. Режим на храненето. Вж и 612.39 ; 614.3 ; 615.874 ; 641
УДК код - определител по УДК 613.2
УДК - код + определител 613.2
080 ## - УДК
Текстов определител УДК Общи свойства на кръвта. Химически състав на кръвта. Хидродинамика на кръвообращението. Кръвно налягане - Кръвни телца, хемоглобин, съсирване на кръвта, хемофилия, хемаглутинация, кръвни групи
УДК код - определител по УДК 612.11/.14
УДК - код + определител 612.11/.14
100 1# - Редна дума - Автор
Автор Д'Адамо, Питър
Авторска отговорност първи автор
R(LIN) 57763
139 ## - Редно поле
Редна дума Д'Адамо, Питър
Авторски знак Дав - Д 13
245 10 - Сведения за заглавието
Заглавие Правилният начин на хранене според кръвната група на майката и бебето
Редно поле (дума) Питър Д'Адамо; съавт. Катрин Уитни; прев. от англ. Станислава Александрова Миланова.
257 ## - Страна на издаване
Страна на създаване/издаване Съединени американски щати
260 ## - Област на издателските данни
Име на издателя, разпространителя и проч. Кибеа
Година на издаване 2008
300 ## - Физическа характеристика
Страници 486 с.
Илюстрации и др. с ил., табл.
Размери/Мащаб 24 см
380 ## - Жанр
Жанр Медицина
490 1# - СЕРИИ (Колекции)
Име на серия Серия Здраве
500 ## - Общи забележки
Забележка Ориг. загл.: Eat right for your baby / Peter J. D'Adamo, Catherine Whitney.
650 #4 - Допълнително описание по предмет – тема
Основно описание – тема или топоним Бременност - хранене
9 (RLIN) 297174
650 #4 - Допълнително описание по предмет – тема
Основно описание – тема или топоним Кърмачета - хранене
9 (RLIN) 266054
650 #4 - Допълнително описание по предмет – тема
Основно описание – тема или топоним Кръвни групи
9 (RLIN) 283495
653 ## - Ключова дума – ненормативна
Ключова дума хранене на човека
653 ## - Ключова дума – ненормативна
Ключова дума бременност
653 ## - Ключова дума – ненормативна
Ключова дума кърмачета
653 ## - Ключова дума – ненормативна
Ключова дума кръвни групи
659 ## - Тематичен бюлетин
Тематичен бюлетин Н
700 1# - Други автори (авторска отговорност)
Лично име Уитни, Катрин
Автороска отговорност (Описва отношението между автора и произведението) съавт.
9 (RLIN) 283494
700 ## - Други автори (авторска отговорност)
Лично име Миланова, Станислава Александрова
Друга информация Преводач от английски и руски език.
Дати, свързани с автора 1967-
Пълна форма на името Миланова-Леонтиева, Станислава Александрова
9 (RLIN) 363380
852 ## - Местоположение
Форматна сигнатура Цб 275468
856 4# - Електронен адрес и достъп
Електронен формат pdf - файл
856 4# - Електронен адрес и достъп
Електронен формат pdf - файл
999 ## - СИСТЕМНИ КОНТРОЛНИ НОМЕРА
Koha biblionumber 170241
Koha biblioitemnumber 170241
942 ## - АРТИКУЛИ
Вид на библиотечния материал Книги
Скрит в OPAC Не
Koha issues (borrowed), all copies 1
944 ## - СЪЗДАВАНЕ И РЕДАКЦИЯ на ЗАПИСА
Създаване/Редакция Създаване
Дата на регистрацията/редакция 17.07.2015
Служител, извършил регистрацията/редакцията
Статус, дата на статуса CRON CRON
944 ## - СЪЗДАВАНЕ И РЕДАКЦИЯ на ЗАПИСА
Създаване/Редакция Редакция
Дата на регистрацията/редакция 23.11.2015
Служител, извършил регистрацията/редакцията Симона_Петрова
999 ## - СИСТЕМНИ КОНТРОЛНИ НОМЕРА
Koha biblioitemnumber 170241
Наличности
Код за отписване Код за изгубен артикул Код за повреда Коз за рестрикции Код за отдаване Артикулен № Име на библиотеката - собственик Име на библиотеката, в която се намира в момента Статус (Текущо местоположение) Дата на вписване в системата Местоположение - отдел Цена в лева Инвентарен номер Систематично азбучна сигнатура Баркод Номер на екземпляра Цена в евро Служебна бележка Служебен тип на артикула Източник на класификационната схема
  Не е изгубен Не е повреден без рестрикции ползва се в читалня 288290 Регионална библиотека "Любен Каравелов" Русе Регионална библиотека "Любен Каравелов" Русе Хранилище 2015-07-17 Хранилище 28.00 120000790114 Цб 275468 120000790114 1 14.32 Дост: Dp Вид: Д N: 11 Дата: 04.03.2015 Книги  
  Не е изгубен Не е повреден   заемане за дома 708648 Регионална библиотека "Любен Каравелов" Русе Регионална библиотека "Любен Каравелов" Русе Заемна - подръчен фонд 2019-05-20 Заемна - подръчен фонд 17.99   П 613.2/Д 13 120000831705   9.20   Книги Universal Decimal Classification
Vip Innovations Ltd, Rousse, Bulgaria 2025